| 000 | 00386 a2200121 4500 | ||
|---|---|---|---|
| 001 | ART_15473 | ||
| 005 | 20260410161615.0 | ||
| 008 | 260409a | ||
| 245 | 1 | 0 | _aLa era de la hiperespecialización |
| 100 | 1 | _aMalone, Thomas W. | |
| 700 | 1 | _aLaubacher, Robert J. | |
| 773 | 0 |
_tHarvard Business Review _gCómo hacer más (y mejor) - Vol. 89, Nº 7 (ago. 2011) _wREV340 |
|
| 999 |
_c11032 _d11032 |
||